000 00960nam a22002897a 4500
003 CHAP
005 20220329140145.0
008 971013s r 00010 d
010 _a47820
011 _a48792
035 _a52938
040 _cCHAP
082 _a615.191
_bP4
100 0 0 _aPérez Zamora, Guillermo.
_990110
245 _aManual de prácticas de farmacología
260 _a(La Habana) :
_bInstituto Superior de Ciencias Agropecuarias de La Habana. Facultad de Medicina Veterinaria,
_c(198-)
300 _a131 p.
590 _aBATCH-UPD
_b10
_c20130110
_lUCH01
_h2143
590 _aBATCH-UPD
_b10
_c20130410
_lUCH01
_h1452
590 _aBATCH-UPD
_b10
_c20130914
_lUCH01
_h1437
590 _aCONVERSION
_b10
_c20130109
_lUCH01
_h1326
650 1 4 _aFarmacología veterinaria.
_939764
650 1 4 _aVeterinaria
_xManuales de laboratorio.
_9119001
901 _aBK
942 _cLIBRO
949 _a615.191 P4
_bBC
_cESP
_d-117634
_eESP
_h61747
_i52938
_si
999 _c47820
_d47820